[Event "Medellin de La Raza U2000 op"]
[Site "Medellin"]
[Date "2023.10.14"]
[Round "5"]
[White "Areiza Tabares, Samuel Andres"]
[Black "Londono, Miguel Angel"]
[Result "1/2-1/2"]
[WhiteElo "1729"]
[BlackElo "1551"]
[PlyCount "23"]
[EventDate "2023.10.12"]
[EventType "swiss"]
[EventRounds "9"]
[EventCountry "COL"]
[SourceTitle "CBM 216 Extra"]
[Source "ChessBase"]
[SourceDate "2023.11.30"]
[SourceVersion "1"]
[SourceVersionDate "2023.11.30"]
[SourceQuality "1"]

1. Nf3 d5 2. d4 Bf5 3. c4 c6 4. Nc3 Nf6 5. e3 e6 6. Bd3 Bxd3 7. Qxd3 Bd6 8. 0-0 0-0 9. e4 Bb4 10. Bg5 dxe4 11. Nxe4 Be7 12. Nxf6+ 1/2-1/2

[Event "Antioquia op"]
[Site "Antioquia"]
[Date "2020.03.08"]
[Round "9"]
[White "Areiza Tabares, Samuel Andres"]
[Black "Moncada Correa, Sara"]
[Result "1-0"]
[WhiteElo "1570"]
[BlackElo "1804"]
[PlyCount "63"]
[EventDate "2020.03.03"]
[EventType "swiss"]
[EventRounds "9"]
[EventCountry "COL"]
[SourceTitle "CBM 195 Extra"]
[Source "ChessBase"]
[SourceDate "2020.05.31"]
[SourceVersion "1"]
[SourceVersionDate "2020.05.31"]
[SourceQuality "1"]

1. e4 e5 2. Nf3 Nc6 3. Bc4 Bc5 4. c3 Nf6 5. d3 a6 6. Nbd2 d6 7. 0-0 0-0 8. h3 Ne7 9. Re1 Ng6 10. Nf1 c6 11. Ng3 d5 12. Bb3 h6 13. exd5 Nxd5 14. d4 exd4 15. Nxd4 Nde7 16. Be3 Bd6 17. Qf3 c5 18. Ndf5 Nxf5 19. Nxf5 Qc7 20. Nxd6 Qxd6 21. Rad1 Qc7 22. Qh5 c4 23. Bc2 Qc6 24. Qc5 Bd7 25. Rd6 Qxc5 26. Bxc5 Rfc8 27. Bxg6 fxg6 28. Rxd7 Rxc5 29. Ree7 Kf8 30. Rxb7 Rb5 31. Rf7+ Ke8 32. Rxg7 1-0

[Event "Pan American-ch School U15"]
[Site "Medellin"]
[Date "2019.11.14"]
[Round "5"]
[White "Espinosa Avila, Jose David"]
[Black "Areiza Tabares, Samuel Andres"]
[Result "1/2-1/2"]
[WhiteElo "1424"]
[BlackElo "1517"]
[PlyCount "71"]
[EventDate "2019.11.12"]
[EventType "swiss"]
[EventRounds "9"]
[EventCountry "COL"]
[SourceTitle "CBM 193 Extra"]
[Source "ChessBase"]
[SourceDate "2020.01.31"]
[SourceVersion "1"]
[SourceVersionDate "2020.01.31"]
[SourceQuality "1"]

1. d4 d5 2. c4 e6 3. Nc3 Be7 4. Nf3 Nf6 5. cxd5 exd5 6. Bg5 Nbd7 7. e3 c6 8. Bd3 b6 9. Qc2 Bb7 10. 0-0 0-0 11. Rab1 c5 12. Rfc1 Rc8 13. Bf4 c4 14. Be2 a6 15. a4 Bc6 16. b3 b5 17. bxc4 bxc4 18. h3 a5 19. Nb5 Bxb5 20. Rxb5 Nb8 21. Bxb8 Rxb8 22. Rcb1 Bb4 23. Rxb8 Qxb8 24. Nd2 Qd6 25. Bf3 Rb8 26. g4 h6 27. Nf1 Ba3 28. Ng3 g6 29. Bd1 Rxb1 30. Qxb1 Qb4 31. Qc2 Nd7 32. h4 Nb6 33. h5 Kg7 34. hxg6 fxg6 35. Kf1 Qb2 36. Ne2 1/2-1/2

[Event "Pan American-ch School U15"]
[Site "Medellin"]
[Date "2019.11.12"]
[Round "2"]
[White "Areiza Tabares, Samuel Andres"]
[Black "Redondo Washington, Josimar"]
[Result "1-0"]
[WhiteElo "1517"]
[BlackElo "1107"]
[PlyCount "120"]
[EventDate "2019.11.12"]
[EventType "swiss"]
[EventRounds "9"]
[EventCountry "COL"]
[SourceTitle "CBM 193 Extra"]
[Source "ChessBase"]
[SourceDate "2020.01.31"]
[SourceVersion "1"]
[SourceVersionDate "2020.01.31"]
[SourceQuality "1"]

1. e4 e6 2. d4 d5 3. exd5 exd5 4. Bd3 Bd6 5. Ne2 Nf6 6. Bf4 Nc6 7. c3 0-0 8. 0-0 Re8 9. Bg3 Be6 10. Nd2 Qd7 11. Qc2 h6 12. b4 a6 13. a4 Na7 14. Nf3 Bg4 15. Ne5 Bxe5 16. Bxe5 Bxe2 17. Bxe2 Qc6 18. Bf3 Ne4 19. Bxe4 dxe4 20. Qb3 Rac8 21. c4 Qe6 22. b5 a5 23. Bf4 f5 24. d5 Qf7 25. b6 cxb6 26. Qxb6 Ra8 27. Rab1 Red8 28. Qxa5 Qe8 29. d6 Rd7 30. Qxf5 Rf7 31. Qd5 Kh8 32. Be3 Nc6 33. Rfd1 Rd7 34. Qb5 Ra5 35. Qb3 Qg6 36. c5 Ra8 37. Qc2 Qe8 38. Qc3 Kh7 39. Qc2 Kh8 40. Re1 Ra7 41. Bd2 Qe6 42. Qxe4 Qf7 43. Qc2 Qh5 44. h3 Nd4 45. Qc4 Nc6 46. Re3 Ra8 47. Rbe1 Kh7 48. g4 Qg6 49. Re6 Qf7 50. Qe4+ Kh8 51. Qd3 Rdd8 52. R1e4 Rf8 53. Be1 Rfd8 54. Qe3 Kh7 55. Bc3 Rd7 56. h4 Rdd8 57. h5 Rd7 58. Kg2 Rc8 59. Re8 Rxe8 60. Rxe8 Rd8 1-0